| 000 | 00846nas a2200253 4500 | ||
|---|---|---|---|
| 001 | BR9209342 | ||
| 003 | BR-BrBNA | ||
| 005 | 20231205093246.0 | ||
| 007 | ta | ||
| 008 | 230509b bl.|||p| |||| 00| 00por d | ||
| 040 |
_aBR-BrBNA _bpor _cBiblioteca Nacional de Agricultura |
||
| 041 | _a(Pt) | ||
| 072 | _aM12 | ||
| 100 | 1 | _aNomura, H. | |
| 245 | 1 | _aCaracteres meristicos e biologia do cascudo, Hypostomus fluviatilis (Schubart, 1964)(Osteichthyes, Loricariidae)do Rio Mogi-Guacu, Sao Paulo, Brasil | |
| 650 | _aCASCUDO | ||
| 650 | _aPRODUCAO ANIMAL | ||
| 650 | _aMATURACAO | ||
| 650 | _aREPRODUCAO ANIMAL | ||
| 650 | _aETAPA DE DESENVOLVIMENTO ANIMAL | ||
| 773 | 0 |
_tRevista Brasileira de Zoologia (Brazil) _xISSN 0101-8175 _g(Jul 1988), v. 5(1) p. 75-88 _wBR9209342 |
|
| 909 |
_a202311 _bLúcia _c55 _dLúcia Elande |
||
| 942 |
_2AGRIS _n0 _cANA |
||
| 999 |
_c137134 _d137134 |
||